[Event "Collado Villalba op-B 32nd"]
[Site "Collado Villalba"]
[Date "2015.08.25"]
[Round "4"]
[White "Tronch Ilzarbe, Carlos Maria"]
[Black "Perez Bruni, Alfredo"]
[Result "0-1"]
[WhiteElo "1761"]
[BlackElo "1688"]
[PlyCount "71"]
[EventDate "2015.08.22"]
[EventType "swiss"]
[EventRounds "9"]
[EventCountry "ESP"]
[SourceTitle "EXT 2016"]
[Source "ChessBase"]
[SourceDate "2015.10.08"]
[SourceVersion "1"]
[SourceVersionDate "2015.10.08"]
[SourceQuality "1"]

1. d4 Nf6 2. Bf4 g6 3. e3 Bg7 4. c3 0-0 5. Be2 d6 6. h3 c5 7. Nf3 a6 8. a4 Nc6 9. Nbd2 cxd4 10. exd4 Qb6 11. Nc4 Qd8 12. 0-0 Na5 13. Ne3 Nc6 14. Qc2 Bd7 15. Rfd1 Rc8 16. Qb3 Na5 17. Qa3 d5 18. b4 Nc4 19. Nxc4 dxc4 20. Nd2 b5 21. axb5 axb5 22. Bf3 Bc6 23. Bxc6 Rxc6 24. Qa7 Nd5 25. Bh2 Nxc3 26. Re1 e6 27. Nf3 Qb6 28. Qe7 Nd5 29. Qh4 f6 30. Qg4 Nxb4 31. d5 exd5 32. Nd4 f5 33. Qg5 Qxd4 34. Qe7 Nd3 35. Ra7 Qxf2+ 36. Kh1 0-1

[Event "Madrid Codes Memorial 8th"]
[Site "Madrid"]
[Date "2014.05.11"]
[Round "7"]
[White "Yeves Miquel, Enrique"]
[Black "Perez Bruni, Alfredo"]
[Result "1/2-1/2"]
[WhiteElo "1742"]
[BlackElo "1721"]
[PlyCount "103"]
[EventDate "2014.03.23"]
[EventType "swiss"]
[EventRounds "9"]
[EventCountry "ESP"]
[SourceTitle "EXT 2019"]
[Source "ChessBase"]
[SourceDate "2018.10.10"]
[SourceVersion "1"]
[SourceVersionDate "2018.10.10"]
[SourceQuality "1"]

1. d4 b5 2. e4 Bb7 3. Bd3 a6 4. Nf3 e6 5. 0-0 Nf6 6. Nbd2 Be7 7. c3 c5 8. dxc5 Bxc5 9. e5 Nd5 10. Ne4 Be7 11. Bg5 f6 12. exf6 Nxf6 13. Bxf6 gxf6 14. Nd4 f5 15. Qh5+ Kf8 16. Qh6+ Kg8 17. Ng3 Qf8 18. Qh3 Qg7 19. Rae1 Nc6 20. Nxc6 Bxc6 21. Bxf5 Bd5 22. Be4 Bxe4 23. Rxe4 Kf8 24. Rf4+ Ke8 25. Nh5 Qe5 26. Qf3 Rc8 27. Re4 Qg5 28. Ng3 h5 29. Qe3 Qf6 30. Ne2 Bc5 31. Qf4 Qe7 32. Nd4 Bxd4 33. cxd4 Rc2 34. Qe5 Rh7 35. d5 Rh6 36. dxe6 Rxe6 37. Qh8+ Qf8 38. Rxe6+ dxe6 39. Qxh5+ Qf7 40. Qxf7+ Kxf7 41. Rb1 b4 42. g3 Kf6 43. Kg2 a5 44. h4 a4 45. b3 Rxa2 46. bxa4 Rxa4 47. Rb3 Kf5 48. Rf3+ Ke4 49. Re3+ Kf5 50. Kf3 Ra3 51. g4+ Kf6 52. g5+ 1/2-1/2

[Event "Madrid Codes Memorial 8th"]
[Site "Madrid"]
[Date "2014.04.27"]
[Round "5"]
[White "Martin Rodriguez, Jose Luis"]
[Black "Perez Bruni, Alfredo"]
[Result "0-1"]
[WhiteElo "1407"]
[BlackElo "1721"]
[PlyCount "74"]
[EventDate "2014.03.23"]
[EventType "swiss"]
[EventRounds "9"]
[EventCountry "ESP"]
[SourceTitle "EXT 2015"]
[Source "ChessBase"]
[SourceDate "2014.11.20"]
[SourceVersion "1"]
[SourceVersionDate "2014.11.20"]
[SourceQuality "1"]

1. e4 g6 2. d4 Bg7 3. Nf3 d6 4. Nc3 Nf6 5. Bc4 0-0 6. Bg5 c6 7. Bb3 Bg4 8. h3 Bxf3 9. Qxf3 Qa5 10. Bd2 Qc7 11. 0-0-0 Nbd7 12. Bg5 c5 13. a3 cxd4 14. Rxd4 Nc5 15. Rc4 Qa5 16. Bd2 Qa6 17. Nd5 Nxd5 18. exd5 Rac8 19. Ba2 Na4 20. Rb4 b5 21. Qd3 Rb8 22. Be3 Qb7 23. h4 a5 24. Rg4 Bxb2+ 25. Kd2 Bg7 26. h5 Nc5 27. Bxc5 dxc5 28. hxg6 hxg6 29. Qh3 Rfd8 30. Rh4 Rxd5+ 31. Kc1 Rh5 32. Qg3 Rxh4 33. Rxh4 c4 34. Rf4 Rd8 35. Rg4 Qd5 36. Qf3 Qd2+ 37. Kb1 Qe1+ 0-1